| 000 -LEADER |
| fixed length control field |
01091cam a2200205 a 4500 |
| 001 - CONTROL NUMBER |
| control field |
16637847 |
| 005 - DATE AND TIME OF LATEST TRANSACTION |
| control field |
20221114152619.0 |
| 008 - FIXED-LENGTH DATA ELEMENTS--GENERAL INFORMATION |
| fixed length control field |
110204s2011 nyu b 001 0 eng |
| 020 ## - INTERNATIONAL STANDARD BOOK NUMBER |
| International Standard Book Number |
9780230280724x |
| 041 ## - LANGUAGE CODE |
| Language code of text/sound track or separate title |
eng |
| 080 ## - UNIVERSAL DECIMAL CLASSIFICATION NUMBER |
| Universal Decimal Classification number |
341.24 M-20 |
| 245 00 - TITLE STATEMENT |
| Title |
Making EU foreign policy : |
| Remainder of title |
national preferences, European norms and common policies / |
| Statement of responsibility, etc. |
edited by Daniel C. Thomas. |
| 264 ## - PRODUCTION, PUBLICATION, DISTRIBUTION, MANUFACTURE, AND COPYRIGHT NOTICE |
| Place of production, publication, distribution, manufacture |
New York : |
| Name of producer, publisher, distributor, manufacturer |
Palgrave Macmillan, |
| Date of production, publication, distribution, manufacture, or copyright notice |
2011. |
| 300 ## - PHYSICAL DESCRIPTION |
| Extent |
240 p. ; |
| Dimensions |
23 cm. |
| 653 ## - INDEX TERM--UNCONTROLLED |
| keyword |
MAKING EU POLICY National Preferences, Europen Norms and Common Policies |
| 653 ## - INDEX TERM--UNCONTROLLED |
| keyword |
ევროკავშირის პოლიტიკის ეროვნული პრიორიტეტების, ევროპული ნორმებისა და საერთო პოლიტიკის გატარება |
| 653 ## - INDEX TERM--UNCONTROLLED |
| keyword |
СОЗДАНИЕ ПОЛИТИКИ ЕС Национальные предпочтения, европейские нормы и общие правила |
| 700 1# - ADDED ENTRY--PERSONAL NAME |
| Personal name |
Thomas, Daniel C. |
| Fuller form of name |
|
| 9 (RLIN) |
11131 |
| Relator term |
რედაქტორი |
| 942 ## - ADDED ENTRY ELEMENTS (KOHA) |
| Source of classification or shelving scheme |
|
| Koha item type |
წიგნი |